| 000 | 00518nam a2200205 a 4500 | ||
|---|---|---|---|
| 005 | 20210219153013.0 | ||
| 008 | 991125n 000 0 eng u | ||
| 035 | _aUPN01000072551 | ||
| 222 | 0 | _aBRAIN AND LANGUAGE | |
| 245 | 0 | 0 | _aDiazepam therapy of verbal auditory agnosia |
| 260 | _aEUA | ||
| 300 | _a180-188 | ||
| 362 | 0 | _a1993 Vol.45, no. 2, aug. | |
| 653 | 0 | _aCOMPRENSION VERBAL | |
| 653 | 0 | _aTERAPIA | |
| 700 | 1 | _aNagafuchi, Masaaki, | |
| 700 | 1 | _acoaut. | |
| 904 |
_aAC _b010362 |
||
| 905 | _aArticulo | ||
| 999 |
_c65979 _d65979 |
||